=LDR 00000nam 2200000 4500 =001 INLIS000000000012175 =005 20130612103720 =008 ***********************************Ind** =035 ##$$0010-061300000012175 =041 ##$$a Ind =082 ##$$a 575.501 =090 ##$$a 575.501, Dah a =100 ##$$a Dahler, F =245 ##$$a Asal dan tujuan manusia (teori evolisi), F. Dahler, Julius chandra =260 ##$$a 1984 $b Yogyakarta =300 ##$$a 181 hlm., Ilus, 21 cm =650 ##$$a Evolusi =850 ##$$a NBPNMAT